Les Pays Surpeuplés - Statistiques

Statistiques générales
  • Ce quiz a été pris 123 fois
  • Le résultat moyen est 12 sur 20
Statistiques - réponses
Population Pays % Correct
1280 M Inde
99%
898 M Chine
96%
179 M Indonésie
74%
103 M Japon
74%
183 M Nigéria
72%
166 M Bangladesh
71%
204 M Pakistan
71%
34.0 M France
65%
82.9 M Viêt Nam
62%
64.9 M Allemagne
60%
43.5 M Thaïlande
57%
56.5 M Royaume-Uni
54%
46.2 M Corée du Sud
53%
44.5 M Turquie
53%
61.9 M Égypte
51%
100 M Philippines
50%
72.2 M Éthiopie
48%
42.8 M Italie
48%
24.8 M Kenya
18%
37.0 M Ouganda
14%
Aucun quiz correspondant
Distribution des résultats
% des personnes avec chaque résultat
Percentile par nombre de réponses
Votre historique - résultats
Vous n’avez pas pris ce quiz